000 00566nam a2200181Ia 4500
008 100917s9999 xx 000 0 und d
082 _b2394
100 _a---
245 _aरायगड किल्याची जुनी माहिती
260 _b---
300 _a30
365 _b0
520 _aप्रवास
630 _aरायगड किल्याची जुनी माहिती
650 _aप्रवास
730 _aरायगड किल्याची जुनी माहिती
942 _cBOOK
999 _c607788
_d607785